Risultati del Milan in UEFA Champions League 2010-2011 - Statistics

Statistiche generali
  • Questo quiz è stato fatto 10 volte
  • Il punteggio medio è 4 su 8
Statistiche sulle risposte
Hint Risposta % Corretto
Milan - Auxerre 2-0
80%
Ajax - Milan 1-1
70%
Tottenham - Milan 0-0
60%
Real Madrid - Milan 2-0
60%
Milan - Tottenham 0-1
50%
Milan - Real Madrid 2-2
50%
Auxerre - Milan 0-2
40%
Milan - Ajax 0-2
20%
Nessun quiz corrispondente trovato
Distribuzione punteggi
Percentuale di utenti per punteggio
Percentile per numero di risposta
I tuoi punteggi nel tempo
Non hai fatto questo quiz